Metóda 5S a jej implementácia v praxi
Charakteristika metódy 5S. Princíp a výhody tejto metódy. Implementácia metódy 5S v spoločnosti Emersom energy system. Grafické vyhodnotenie auditov 5S.
Na minha lista:
| Autor principal: | |
|---|---|
| Formato: | Capítulo de Livro |
| Idioma: | eslovaco |
| Assuntos: | |
| Tags: |
Sem tags, seja o primeiro a adicionar uma tag!
|
MARC
| LEADER | 00000naa$a2200000$$$4500 | ||
|---|---|---|---|
| 001 | 0068912 | ||
| 005 | 20231012070910.2 | ||
| 041 | 0 | |a slo | |
| 044 | |a SK | ||
| 245 | 1 | 0 | |a Metóda 5S a jej implementácia v praxi |c Miroslava Meravá |
| 520 | |a Charakteristika metódy 5S. Princíp a výhody tejto metódy. Implementácia metódy 5S v spoločnosti Emersom energy system. Grafické vyhodnotenie auditov 5S. | ||
| 610 | 2 | 0 | |a metódy |
| 610 | 2 | 0 | |a podnik |
| 610 | 2 | 0 | |a kvalita výrobkov |
| 610 | 2 | 0 | |a riadenie kvality |
| 610 | 2 | 0 | |a zamestnanci |
| 100 | 1 | |a Meravá, Miroslava | |